Statistics for EXPERT LEVEL Characters in A Song of Ice and Fire / Game of Thrones

Click here to take the quiz!

General Stats

  • This quiz has been taken 2,428 times
    (2,425 since last reset)
  • The average score is 152 of 466

Answer Stats

DescriptionStatusCharacter% Correct
Lord of WinterfellDeceased; beheaded at King's LandingLord Eddard Stark
97%
The SmalljonDeceased; slain at the Red WeddingJon Umber
94%
The Young WolfDeceased; slain at the Red WeddingKing Robb I Stark
94%
Lord SnowUnknown; stabbed at Castle BlackLord Commander Jon Snow
94%
Previous lord of the EyrieDeceased; poisoned at King's LandingLord Jon Arryn
94%
GriffAlive; at Griffin's RoostLord Jon Connington
94%
The GreatjonAlive; at the TwinsLord Jon Umber
94%
The Winged WolfAlive; at the cave of the three-eyed crowPrince Brandon Stark
94%
Youngest Stark sonAlive; on SkagosPrince Rickon Stark
93%
Lady StoneheartUndead; slain at the Red Wedding; revived by Thoros of MyrLady Catelyn Tully
92%
Alayne StoneAlive; at the Gates of the MoonLady Sansa Stark
92%
Cat of the CanalsAlive; at BraavosPrincess Arya Stark
92%
Commander of the Second SonsAlive; outside of MeereenBrown Ben Plumm
86%
First Ranger of the Night's WatchUnknown; missing beyond the WallBenjen Stark
85%
Giant stableboyAlive; at the cave of the three-eyed crowHodor
85%
Youngest Mormont daughterAlive; at Bear IslandLyanna Mormont
83%
The She-WolfDeceased; succumbed to a fever at the Tower of JoyLyanna Stark
83%
The ImpAlive; outside of MeereenTyrion Lannister
82%
The UsurperDeceased; succumbed to hunting wounds at King's LandingKing Robert I Baratheon
80%
Lady of Casterly Rock (FfC)Alive; at King's LandingLady Cersei Lannister
80%
Lord of the EyrieAlive; at the Gates of the MoonLord Robert Arryn
80%
The Old LionDeceased; slain at King's LandingLord Tywin Lannister
80%
The Bastard o' BoltonAlive; at WinterfellRamsay Bolton
79%
The Wild WolfDeceased; strangled at King's LandingBrandon Stark
78%
The NorreyAlive; at Castle BlackLord Brandon Norrey
78%
Fierce grey direwolfAlive; in the riverlandsNymeria
78%
Second Sand SnakeAlive; on the way to King's Landing from SunspearNymeria Sand
78%
The KingslayerAlive; somewhere in the riverlandsSer Jaime Lannister
78%
Small grey direwolfDeceased; slain at DarryLady
77%
Lord of KarholdDeceased; beheaded at RiverrunLord Rickard Karstark
77%
Previous lord of WinterfellDeceased; burned at King's LandingLord Rickard Stark
77%
Wilding turned servantAlive; on SkagosOsha
77%
The Leech LordAlive; at WinterfellLord Roose Bolton
76%
Maester at WinterfellDeceased; Given the gift of mercy at WinterfellMaester Luwin
76%
TurncloakAlive; at the crofter's village west of WinterfellTheon Greyjoy
76%
SevenstringsAlive; at RiverrunTom of Sevenstreams
76%
Silent albino direwolfAlive; at Castle BlackGhost
75%
Lord of the Seven Kingdoms (GoT)Deceased; poisoned at King's LandingKing Joffrey I Baratheon
75%
The HoundDeceased; succumbed to battle wounds somewhere in the riverlandsSandor Clegane
75%
The Mountain that RidesDeceased; slain at King's LandingSer Gregor Clegane
75%
Exiled lord of Bear IslandAlive; outside of MeereenSer Jorah Mormont
75%
Mother of DragonsAlive; somewhere in the Dothraki SeaQueen Daenerys Targaryen
74%
Lean grey direwolfDeceased; slain at the Red WeddingGrey Wind
73%
Lord of the Seven Kingdoms (SoS)Alive; at King's LandingKing Tommen I Baratheon
73%
Silver direwolfAlive; at the cave of the three-eyed crowSummer
73%
King in the Narrow SeaAlive; at the crofter's village west of WinterfellKing Stannis I Baratheon
72%
Wild black direwolfAlive; on SkagosShaggydog
72%
Onion LordAlive; traveling to SkagosLord Davos Seaworth
71%
The Last DragonDeceased; slain at the Battle of the TridentPrince Rhaegar Targaryen
71%
LittlefingerAlive; at the Gates of the MoonLord Petyr Baelish
70%
"Daughter" of the UsurperAlive; at the Water GardensPrincess Myrcella Baratheon
70%
The Beggar KingDeceased; slain at Vaes DothrakPrince Viserys Targaryen
70%
Black FreyAlive; at RiverrunWalder Frey
70%
Big FreyAlive; at WinterfellWalder Frey
70%
Little FreyDeceased; slain at WinterfellWalder Frey
70%
King in HighgardenDeceased; slain outside of Storm's EndKing Renly I Baratheon
69%
The Maid of TarthAlive; somewhere in the riverlandsLady Brienne Tarth
69%
The Late Lord FreyAlive; at the TwinsLord Walder Frey
69%
Young GriffAlive; at Griffin's RoostPrince Aegon Targaryen
69%
The Red ViperDeceased; slain at King's LandingPrince Oberyn Martell
69%
The SlayerAlive; at OldtownSamwell Tarly
69%
Bastard FreyAlive; at RiverrunSer Walder Rivers
69%
JinglebellDeceased; slain at the Red WeddingAegon Frey
68%
Dolorous TollettAlive; at Long BarrowEddison Tollett
68%
The Mad KingDeceased; slain at King's LandingKing Aerys II Targaryen
68%
Old servant womanUnknown; possibly deceased or captive at the DreadfortOld Nan
68%
Lord Regent of the Seven Kingdoms (DwD)Deceased; slain at King's LandingSer Kevan Lannister
68%
The Kraken's DaughterAlive; at the crofter's village west of WinterfellAsha Greyjoy
67%
The Red WomanAlive; at Castle BlackMelisandre of Asshai
67%
Queen of the Seven Kingdoms (SoS)Alive; at King's LandingQueen Margaery Tyrell
67%
The Knight of FlowersUnknown; wounded or possibly slain at DragonstoneSer Loras Tyrell
67%
Little GrandfatherAlive; at the cave of the three-eyed crowJojen Reed
66%
The Queen of ThornsAlive; at HighgardenLady Olenna Redwyne
66%
King of the Isles and the North (CoK)Deceased; fell off of a bridge at PykeKing Balon IX Greyjoy
64%
The Crow's EyeAlive; at OakenshieldKing Euron III Greyjoy
64%
Lady of the EyrieDeceased; pushed out of the EyrieLady Lysa Tully
64%
Reed daughterAlive; at the cave of the three-eyed crowMeera Reed
64%
Kingsguard knight of House SwannAlive; at SunspearSer Balon Swann
64%
The BullAlive; at the inn at the crossroadsSer Gendry
64%
Commander of the freed UnsulliedAlive; at MeereenGrey Worm
63%
"Arya Stark"Alive; at WinterfellJeyne Poole
63%
The Old BearDeceased; slain at the mutiny at Craster's KeepLord Commander Jeor Mormont
63%
Lord of HighgardenAlive; at King's LandingLord Mace Tyrell
63%
Queen in the NorthAlive; at Casterly RockQueen Jeyne Westerling
63%
Former First Sword of BraavosUnknown; probably slain at King's LandingSyrio Forel
63%
The Great KhalDeceased; smothered somewhere in LhazarKhal Drogo
62%
Lord of Darry (CoK)Alive; at King's LandingLancel Lannister
62%
The Lightning LordDeceased; passed the flame of life to Lady Stoneheart somewhere in the riverlandsLord Beric Dondarrion
62%
Lord of Riverrun (SoS)Alive; at Casterly RockLord Edmure Tully
62%
Captain of the guard at WinterfellDeceased; slain at King's LandingJory Cassel
61%
Squire to the ImpUnknown; possibly deceased in the riverlandsPodrick Payne
61%
The SpiderAlive; at King's LandingLord Varys
60%
Gaoler at the EyrieAlive; at the Gates of the MoonMord
60%
Prince of DorneAlive; at SunspearPrince Doran Martell
60%
Wife of the Last DragonDeceased; slain at the sack of King's LandingPrincess Elia Martell
60%
Septa at WinterfellDeceased; slain at King's LandingSepta Mordane
60%
BloodravenAlive; at the cave of the three-eyed crowBrynden Rivers
59%
Pimple FreyDeceased; hanged at OldstonesPetyr Frey
59%
The BlackfishAlive; somewhere in the riverlandsSer Brynden Tully
59%
King-Beyond-the-WallUnknown; possibly deceased or a captive at WinterfellMance Rayder
58%
Blackwood hostageAlive; at PennytreeHoster Blackwood
57%
Lady of the DreadfortAlive; at WinterfellLady Walda Frey
57%
Lord of RiverrunDeceased; died of old age at RiverrunLord Hoster Tully
57%
The ReaderAlive; at OakenshieldLord Rodrik Harlaw
57%
Lord of the RillsAlive; at WinterfellLord Rodrik Ryswell
57%
The BoldAlive; at MeereenSer Barristan Selmy
57%
Master-at-arms at WinterfellDeceased; slain at the battle at WinterfellSer Rodrik Cassel
57%
Former lady of Casterly RockDeceased; died giving birth at Casterly RockLady Joanna Lannister
56%
Daughter of the king in the Narrow SeaAlive; at Castle BlackPrincess Shireen Baratheon
56%
Young rangerDeceased; slain beyond the WallWill
56%
Captain of the StormcrowsAlive; outside of MeereenDaario Naharis
54%
Paramour of the Red ViperAlive; at SunspearEllaria Sand
54%
Scribe for the Mother of DragonsAlive; at MeereenMissandei
54%
Grand MaesterDeceased; slain at King's LandingGrand Maester Pycelle
53%
The Iron CaptainAlive; somewhere in Slaver's BayLord Captain Victarion Greyjoy
53%
Lord of Harrenhal (GoT)Deceased; beheaded at Castle BlackLord Janos Slynt
53%
Maester at Castle BlackDeceased; died of old age off the coast of DorneMaester Aemon
53%
The King's JusticeAlive; at PennytreeSer Ilyn Payne
53%
Wilding lover of Lord SnowDeceased; slain at the attack on Castle BlackYgritte
53%
Eldest Sand SnakeAlive; at SunspearObara Sand
52%
The GiantsbaneAlive; at Castle BlackTormund
52%
Lord Too-Fat-to-Sit-a-HorseAlive; at WinterfellLord Wyman Manderly
51%
The DamphairAlive; at OakenshieldAeron Greyjoy
50%
Lord of Greywater WatchAlive; somewhere in the NeckLord Howland Reed
50%
Heiress to SunspearAlive; at SunspearPrincess Arianne Martell
50%
Queen in the Narrow SeaAlive; at Castle BlackQueen Selyse Florent
50%
Karstark daughterAlive; at Castle BlackLady Alys Karstark
49%
Lord of Stokeworth (FfC)Alive; at StokeworthSer Bronn of the Blackwater
49%
Heir to Horn HillAlive; at MaidenpoolDickon Tarly
47%
FrogDeceased; burned with dragonfire at MeereenPrince Quentyn Martell
47%
Second Martell sonAlive; at SunspearPrince Trystane Martell
47%
The Imp's concubineDeceased; slain at King's LandingShae
47%
Dothraki handmaiden to the Mother of DragonsAlive; somewhere in the Dothraki SeaIrri
46%
Servant to the Bastard o' BoltonDeceased; slain in the HornwoodReek
46%
Second Karstark sonDeceased; slain at the battle in the Whispering WoodEddard Karstark
45%
AurochsAlive; at Eastwatch-by-the-SeaGrenn
45%
MonkeyAlive; at Eastwatch-by-the-SeaPypar
45%
Daughter-wife of the master of Craster's KeepAlive; at OldtownGilly
44%
Lord of Horn HillAlive; at King's LandingLord Randyll Tarly
44%
Daughter of the Last DragonDeceased; slain at the Sack of King's LandingPrincess Rhaenys Targaryen
44%
Bastard son of the UsurperAlive; at LysEdric Storm
43%
Lord of StarfallAlive; somewhere in the riverlandsLord Edric Dayne
43%
Kingsguard knight of House TrantAlive; at King's LandingSer Meryn Trant
43%
The EmberAlive; somewhere in the riverlandsThoros of Myr
43%
Third Sand SnakeAlive; at SunspearTyene Sand
43%
The HalfhandDeceased; slain at the Skirling PassQhorin
42%
Previous queen of the Seven KingdomsDeceased; died from childbirth at DragonstoneQueen Rhaella Targaryen
42%
Faceless Man disguised as a Lorathi criminalUnknown; possibly OldtownJaqen H'ghar
41%
The She-BearAlive; possibly in the Neck or captive at the TwinsLady Maege Mormont
41%
Heir to HighgardenAlive; at HighgardenWillas Tyrell
41%
Lysene handmaiden to the Mother of DragonsDeceased; dies of disease in the Red WasteDoreah
40%
The Winged ShadowAlive; somewhere in the Dothraki SeaDrogon
40%
Master-at-arms at Eastwatch-by-the-Sea (SoS)Unknown; missing beyond the WallSer Alliser Thorne
40%
The GallantAlive; at HighgardenSer Garlan Tyrell
40%
White dragonAlive; at MeereenViserion
40%
Master of Craster's KeepDeceased; slain at the mutiny at Craster's KeepCraster
39%
The Bloody MaesterAlive; at King's LandingLord Qyburn
39%
Maester at DragonstoneDeceased; poisoned at DragonstoneMaester Cressen
39%
Eldest bastard daughter of the UsuperAlive; at the Gates of the MoonMya Stone
39%
Green dragonAlive; at MeereenRhaegal
39%
Kingsguard knight of House OakheartDeceased; slain at the GreenbloodSer Arys Oakheart
39%
Captain of guards at SunspearAlive; at SunspearAreo Hotah
38%
Orphan baker's boyAlive; at the Inn of the Kneeling ManHot Pie
38%
First Kettleblack brotherAlive; at King's LandingSer Osmund Kettleblack
38%
Captain of the guard at RiverrunAlive; at MaidenpoolSer Robin Ryger
38%
Bronze RoyceAlive; at RunestoneLord Yohn Royce
37%
Dothraki handmaiden to the Mother of DragonsAlive; somewhere in the Dothraki SeaJhiqui
36%
Fat magister of PentosAlive; at PentosMagister Illyrio Mopatis
36%
Lhazareen maegiDeceased; burned alive somewhere in LhazarMirri Maz Duur
34%
Fool at DragonstoneAlive; at Castle BlackPatchface
34%
Torturer in the Mountain's MenDeceased; slain at the inn at the crossroadsThe Tickler
34%
Lady of Stokeworth (FfC)Alive; at StokeworthLady Lollys Stokeworth
33%
Daughter of the High Steward of the ValeAlive; at the Gates of the MoonMyranda Royce
33%
Kingsguard knight of House BlountAlive; at King's LandingSer Boros Blount
33%
The StrongAlive; at MeereenStrong Belwas
33%
The wilding princessAlive; at Castle BlackVal
33%
Lady of Riverrun (SoS)Alive; at the TwinsLady Roslin Frey
32%
The DarkstarAlive; at High HermitageSer Gerold Dayne
32%
Second son of the Lord Regent (DwD)Deceased; slain at RiverrunWillem Lannister
32%
Qartheen merchant princeAlive; somewhere in Slaver's BayXaro Xhoan Daxos
32%
Recruiter for the Night's WatchDeceased; slain at the God's Eye townYoren
32%
The CleftjawAlive; at Torrhen's SquareDagmer
31%
King of Meereen (DwD)Alive; at MeereenKing Hizdahr zo Loraq
30%
Previous lord of Storm's EndDeceased; drowned at Shipbreaker BayLord Steffon Baratheon
30%
The LemonAlive; somewhere in the riverlandsLem Lemoncloak
29%
The MightyDeceased; slain at the attack on Castle BlackMag Mar Tun Doh Weg
29%
Third son of the Lord Regent (DwD)Alive; at the Golden ToothMartyn Lannister
29%
Lady of Riverrun (FfC)Alive; at RiverrunLady Genna Lannister
28%
GreenhandsDeceased; slain somewhere in the riverlandsLommy
28%
Lord of Raventree HallAlive; at Raventree HallLord Tytos Blackwood
28%
Lord of Hornvale (CoK)Alive; at Casterly RockLord Tytos Brax
28%
The GoatDeceased; mutilated at HarrenhalLord Vargo Hoat
28%
CrowfoodAlive; outside of WinterfellMors Umber
28%
Balding member of the Mountain's MenDeceased; slain at the inn at the crossroadsPolliver
28%
Third Kettleblack brotherAlive; at King's LandingSer Osney Kettleblack
28%
Giant member of the Night's WatchAlive; at Castle BlackWun Weg Wun Dar Wun
28%
Lame FreyAlive; at the TwinsLothar Frey
27%
Blacksmith at WinterfellDeceased; slain at WinterfellMikken
27%
Qartheen warlockUnknown; possibly deceased or captive in the Iron IslandsPyat Pree
27%
The SweetlingDeceased; slain at BraavosRafford
27%
Kingsguard knight of House MooreDeceased; slain at the Battle of the BlackwaterSer Mandon Moore
27%
Daughter of the heir to White HarborAlive; at White HarborWylla Manderly
27%
The Bastard of DriftmarkAlive; at Torturer's DeepAurane Waters
26%
Captain of the guard at Winterfell (GoT)Unknown; missing in the riverlandsHallis Mollen
26%
The GrossAlive; at HighgardenLord Garth Tyrell
26%
Heir to Bear IslandDeceased; slain at the Red WeddingDacey Mormont
25%
The ArakhAlive; somewhere in the Dothraki SeaKo Rakharo
25%
The EvenstarAlive; at Evenfall HallLord Selwyn Tarth
25%
Third Royce sonDeceased; slain beyond the WallSer Waymar Royce
25%
Heir to White HarborAlive; at White HarborSer Wylis Manderly
25%
Clan chief of the Stone CrowsAlive; in the KingswoodShagga, son of Dolf
25%
Pious but harsh High SeptonAlive; at King's LandingThe High Sparrow
25%
Female Faceless ManAlive; at BraavosThe Waif
25%
Third Karstark sonDeceased; slain at the battle in the Whispering WoodTorrhen Karstark
25%
SixskinsDeceased; succumbed to battle wounds beyond the WallVaramyr
25%
Captain-General of the Golden CompanyAlive; at Griffin's RoostHomeless Harry Strickland
24%
Lord of SeagardAlive; at SeagardLord Jason Mallister
24%
Bag o' BonesDeceased; burned alive at Castle BlackLord O' Bones
24%
The Old PomegraniteAlive; at Castle BlackLord Steward Bowen Marsh
24%
Goofy novice at the CitadelDeceased; slain at OldtownPate
24%
The ManticoreDeceased; fed to a bear at HarrenhalSer Amory Lorch
24%
Second Kettleblack brotherAlive; at King's LandingSer Osfryd Kettleblack
24%
Second Manderly sonDeceased; slain at the Red WeddingSer Wendel Manderly
24%
Head cook at Castle BlackAlive; at Castle BlackThree-Finger Hobb
24%
ArcherAlive; somewhere in the riverlandsAnguy
23%
Northern outlaw in the Brotherhood without BannersAlive; in the riverlandsHarwin
23%
Lady of BarrowtonAlive; at WinterfellLady Barbrey Ryswell
23%
Heir to Deepwood MotteAlive; at White HarborRobett Glover
23%
Squire to the king in the Narrow SeaAlive; at Castle BlackDevan Seaworth
22%
Lazy TyrellAlive; at OldtownLeo Tyrell
22%
Lord of the Golden ToothDeceased; drowned at the Battle of the FordsLord Leo Lefford
22%
Lord of the ArborAlive; somewhere off the coast of DorneLord Paxter Redwyne
22%
Dwarf entertainerAlive; outside of MeereenPenny
22%
The RedDeceased; slain in the Blackwater BaySer Dontos Hollard
22%
Kingsguard knight of House GreenfieldDeceased; slain at the riot of King's LandingSer Preston Greenfield
22%
Magnar of ThennDeceased; slain at the attack on Castle BlackStyr
22%
Steward of WinterfellDeceased; slain at King's LandingVayon Poole
22%
Master of Deepwood MotteAlive; possibly in the Neck or captive at the TwinsGalbart Glover
21%
WhoresbaneAlive; at WinterfellHother Umber
21%
The BowAlive; somewhere in the Dothraki SeaKo Aggo
21%
Lady of StokeworthDeceased; died of a chill at StokeworthLady Tanda Stokeworth
21%
Head of House Rosby of RosbyDeceased; died of a cough at King's LandingLord Gyles Rosby
21%
Asshai'i shadowbinderAlive; location unknownQuaithe
21%
Lord Snow's stewardAlive; at Castle BlackSatin
21%
Knight of House HuntUnknown; possibly deceased in the riverlandsSer Hyle Hunt
21%
Cannibalistic member of the Brave CompanionsDeceased; slain at the inn at the crossroadsBiter
20%
Wife of the King-Beyond-the-WallDeceased; died giving birth beneath the WallDalla
20%
Captain of the guard at Winterfell (GoT)Deceased; slain at King's LandingFat Tom
20%
First Builder at Castle BlackAlive; at the NightfortFirst Builder Othell Yarwyck
20%
Singer at the EyrieDeceased; jumped out of a sky cell at the EyrieMarillion
20%
Ninth son of the Late LordDeceased; hanged at OldstonesMerrett Frey
20%
The MaidAlive; at the crofter's village west of WinterfellQarl
20%
The Mad Dog of SaltpansDeceased; slain at the inn at the crossroadsRorge
20%
Prince of the Narrow SeaAlive; somewhere in the StepstonesSalladhor Saan
20%
Son of the second son of the Late LordDeceased; slain near MaidenpoolSer Cleos Frey
20%
Good-brother to the Old LionDeceased; slain at the Battle of OxcrossSer Stafford Lannister
20%
The SphinxAlive; at OldtownAcolyte Alleras
19%
Blacksmith at Castle BlackDeceased; slain at the attack on Castle BlackDonal Noye
19%
Lady of HighgardenAlive; at HighgardenLady Alerie Hightower
19%
Gatehouse FreyAlive; at DarryLady Amerei Frey
19%
Lord of Riverrun (FfC)Alive; at RiverrunLord Emmon Frey
19%
Red ConningtonAlive; at King's LandingSer Ronnet Connington
19%
Wet NurseUnknown; probably slain at the riot of King's LandingTyrek Lannister
19%
SteelshanksAlive; at WinterfellWalton
19%
Castellan of KarholdAlive; at WinterfellArnolf Karstark
18%
The WhipAlive; outside of MeereenKo Jhogo
18%
Lord of Karhold (SoS)Alive; at MaidenpoolLord Harrion Karstark
18%
Fool at the Red KeepAlive; at King's LandingMoon Boy
18%
Squire to the Young WolfAlive; at the TwinsOlyvar Frey
18%
Father of the Kettleblack brothersAlive; at the Gates of the MoonOswell Kettleblack
18%
Hand of the queen in the Narrow SeaAlive; at Castle BlackSer Axell Florent
18%
Warden of the West (SoS)Alive; somewhere in the riverlandsSer Daven Lannister
18%
DrinkAlive; at MeereenSer Gerris Drinkwater
18%
SlobberAlive; at King's LandingSer Hobber Redwyne
18%
HorrorAlive; at King's LandingSer Horas Redwyne
18%
Former squire of the previous head of House ArrynDeceased; slain at the Hand's tourneySer Hugh of the Vale
18%
Heir to Heart's HomeAlive; at the Gates of the MoonSer Lyn Corbray
18%
The RedDeceased; slain outside of Storm's EndSer Robar Royce
18%
Heir to the CrossingDeceased; succumbed to battle wounds at OxcrossSer Stevron Frey
18%
The Young She-BearAlive; at the crofter's village west of WinterfellAlysane Mormont
17%
Undead rangerUndead; somewhere beyond the WallColdhands
17%
Commander of Eastwatch-by-the-SeaUnknown; possibly deceased at HardhomeCotter Pyke
17%
Astapori Unsullied slaverDeceased; burned with dragonfire at AstaporKraznys mo Nakloz
17%
Lord of Stone HedgeAlive; somewhere in the riverlandsLord Jonos Bracken
17%
High Steward of the ValeAlive; at the Gates of the MoonLord Nestor Royce
17%
Wife of the Onion LordAlive; at Cape WrathMarya Seaworth
17%
The SeneschalAlive; at MeereenReznak mo Reznak
17%
Septon at WinterfellDeceased; drowned at the capture of WinterfellSepton Chayle
17%
Lord Commander of the City Watch of King's Landing (SoS)Alive; somewhere south of the Red ForkSer Addam Marbrand
17%
The MageAlive; at OldtownArchmaester Marwyn
16%
Kennelmaster at Castle BlackDeceased; slain at the fight at the FistChett
16%
LoverDeceased; slain at BraavosDareon
16%
The HalfmaesterAlive; at Griffin's RoostHaldon
16%
Lady of HornwoodDeceased; starved to death at the DreadfortLady Donella Manderly
16%
Lord of BrightwaterDeceased; burned alive at DragonstoneLord Alester Florent
16%
Lord of Cerwyn (CoK)Deceased; slain at the battle at WinterfellLord Cley Cerwyn
16%
The Black FlameAlive; somewhere in Slaver's BayMoqorro
16%
Heir to SeagardAlive; at SeagardPatrek Mallister
16%
Queen of the Isles and the North (CoK)Alive; at Ten TowersQueen Alannys Harlaw
16%
Septa for Young GriffAlive; at Griffin's RoostSepta Lemore
16%
Commander of the Shadow TowerAlive; at the Shadow TowerSer Denys Mallister
16%
Lord treasurer on the small council (FfC)Alive; at BraavosSer Harys Swyft
16%
Knight from King's MountainDeceased; slain at Castle BlackSer Patrek of King's Mountain
16%
Heir to the Crossing (CoK)Deceased; hanged near FairmarketSer Ryman Frey
16%
Captain of the guard at the EyrieDeceased; slain at the EyrieSer Vardis Egen
16%
Red Hand of the Burned MenAlive; in the Mountains of the MoonTimett, son of Timett
16%
Lord of Lordsport (FfC)Alive; at the crofter's village west of WinterfellTristifer Botley
16%
Son of the castellan of KarholdAlive; at Castle BlackCregan Karstark
15%
Wife of the Lord Regent (DwD)Alive; at Casterly RockLady Dorna Swyft
15%
Lady of the CragAlive; at the CragLady Sybell Spicer
15%
Lady of LongtableAlive; at LongtableLady Taena Merryweather
15%
The Big ManAlive; at MeereenSer Archibald Yronwood
15%
Master-at-arms of the Red KeepDeceased; slain at the riot of King's LandingSer Aron Santagar
15%
IronhandDeceased; slain at the Battle of the BlackwaterSer Jacelyn Bywater
15%
StrongboarAlive; at DarrySer Lyle Crakehall
15%
DuckAlive; at Griffin's RoostSer Rolly Duckfield
15%
Representative of the Iron Bank of BraavosAlive; at the crofter's village west of WinterfellTycho Nestoris
15%
Experienced rangerDeceased; beheaded near WinterfellGared
14%
One-eyed convict in the Brotherhood Without BannersAlive; somewhere in the riverlandsJack-Be-Lucky
14%
Black BulwerDeceased; slain beyond the WallJack Bulwer
14%
Lady of IronoaksAlive; at IronoaksLady Anya Waynwood
14%
Lady of Greenstone (FfC)Alive; at EstermontLady Sylva Santagar
14%
Lord of LongtableAlive; at LongtableLord Orton Merryweather
14%
Maester at Dragonstone (CoK)Alive; at DragonstoneMaester Pylos
14%
The Titan's BastardDeceased; slain at MeereenMero
14%
The BarberAlive; at OakenshieldNute
14%
Castellan of Storm's EndDeceased; slain at Storm's EndSer Cortnay Penrose
14%
Bad-mouthed member of the Mountain's MenAlive; at HarrenhalShitmouth
14%
The ShavepateAlive; at MeereenSkahaz mo Kandaq
14%
Heir to the Crossing (FfC)Alive; at RiverrunEdwyn Frey
13%
Kennelmaster at WinterfellDeceased; beheaded at WinterfellFarlen
13%
The Butcher KingDeceased; slain at AstaporKing Cleon the Great
13%
Lord of NightsongDeceased; slain at the Battle of the BlackwaterLord Bryce Caron
13%
Anvil-BreakerAlive; at PykeLord Erik Ironmaker
13%
The Old Man of OldtownAlive; at OldtownLord Leyton Hightower
13%
Lord of DarryDeceased; slain at the Battle at the Mummer's FordLord Raymun Darry
13%
Third son of the Late LordAlive; at WinterfellSer Aenys Frey
13%
Sixth son of the Late LordAlive; at WinterfellSer Hosteen Frey
13%
Apple-EaterAlive; at the Gates of the MoonSer Lothor Brune
13%
Knight of House MullendoreAlive; at King's LandingSer Mark Mullendore
13%
Heir to PinkmaidenAlive; at the TwinsSer Marq Piper
13%
Knight of House HorpeAlive; at the crofter's village west of WinterfellSer Richard Horpe
13%
Silver TongueDeceased; slain at King's LandingSymon
13%
Commander of the Free BrothersAlive; at MeereenSymon Stripeback
13%
The Yellow WhaleDeceased; succumbed to the bloody flux outside of MeereenYezzan zo Qaggaz
13%
Brothel owner from the Summer IslesAlive; at King's LandingChataya
12%
Clan chief of the Black EarsAlive; in the Mountains of the MoonChella, daughter of Cheyk
12%
The Green GraceAlive; at MeereenGalazza Galare
12%
The DogsheadDeceased; slain at the battle beneath the WallHarma
12%
Lover of the wilding princessDeceased; impaled on a tree after falling off of the WallJarl
12%
Lord of the CragAlive; at the CragLord Gawen Westerling
12%
Lord of GoldengroveAlive; at Storm's EndLord Mathis Rowan
12%
Lord of CrakehallAlive; at CrakehallLord Roland Crakehall
12%
Slave overseer for the Yellow WhaleDeceased; poisoned outside of MeereenNurse
12%
Exiled prince from the Summer IslesAlive; at King's LandingPrince Jalabhar Xho
12%
Knight of House EstermontAlive; at LysSer Andrew Estermont
12%
Master-at-arms at RiverrunAlive; at MaidenpoolSer Desmond Grell
12%
Knight of House MasseyAlive; at the crofter's village west of WinterfellSer Justin Massey
12%
The Bastard of NightsongUnknown; possibly deceased or captive at DragonstoneSer Rolland Storm
12%
Magnar of Thenn (FfC)Alive; at Castle BlackSigorn Thenn
12%
Strongest ranger on the WallDeceased; slain beyond the WallSmall Paul
12%
Hermaphrodite slave of the Yellow WhaleUnknown; still enslaved or possibly deceased outside of MeereenSweets
12%
Priest in the House of Black and WhiteAlive; at BraavosThe Kindly Man
12%
Understeward at HarrenhalDeceased; mauled by his dog at HarrenhalWeese
12%
Bastard of House BotleyAlive; at White HarborWex Pyke
12%
Young fat guard at WinterfellDeceased; slain at the capture of WinterfellAlebelly
11%
Second Seaworth sonDeceased; slain at the Battle of the BlackwaterAllard Seaworth
11%
Heir to Torrhen's SquareDeceased; drowned at the Stony ShoreBenfred Tallhart
11%
Lord Admiral for the Mother of DragonsDeceased; beheaded outside of MeereenCaptain Groleo
11%
Sadistic member of the Mountain's MenDeceased; pushed off of a wall at HarrenhalChiswyck
11%
Maester at SunspearAlive; at SunspearMaester Caleotte
11%
Maester at the EyrieAlive; at the Gates of the MoonMaester Colemon
11%
The OafAlive; at Castle BlackOwen
11%
Female claimant to the Astapori throneDeceased; slain at the siege of AstaporQueen Whore
11%
Wandering septonAlive; somewhere in the riverlandsSepton Meribald
11%
Master of Torrhen's SquareDeceased; slain at the battle at DuskendaleSer Helman Tallhart
11%
Jester in the Brave CompanionsDeceased; slain at the WhispersShagwell
11%
Expert climber and rangerUnknown; missing in the Skirling PassStonesnake
11%
Ranger of House SmallwoodDeceased; slain at the fight at the FistThoren Smallwood
11%
The Blue BardAlive; at King's LandingWat
11%
The UnsmilingAlive; at OakenshieldAndrik
10%
Steward at Castle BlackAlive; at Castle BlackClydas
10%
Milk brother of the heir to SunspearAlive; at Ghaston GreyGarin of the Orphans
10%
Commander of Long BarrowAlive; at Long BarrowIron Emmett
10%
Lady of Deepwood MotteAlive; at Deepwood MotteLady Sybelle Locke
10%
Castellan of Torrhen's SquareDeceased; slain at the battle at WinterfellLeobald Tallhart
10%
Big BucketAlive; at the crofter's village west of WinterfellLord Hugo Wull
10%
Second Blackwood sonDeceased; slain at the Red WeddingLucas Blackwood
10%
Heir to LemonwoodAlive; at Ghaston GreySer Andrey Dalt
10%
The GoodAlive; at HarrenhalSer Bonifer Hasty
10%
Heir to Hornvale (CoK)Alive; at PennytreeSer Flement Brax
10%
First Ranger of the Night's Watch (GoT)Deceased; slain at Castle BlackSer Jaremy Rykker
10%
Commander of the White Harbor garrisonAlive; at White HarborSer Marlon Manderly
10%
Heir to the CragDeceased; slain at the Red WeddingSer Raynald Westerling
10%
Commander of the WindblownAlive; outside of MeereenThe Tattered Prince
10%
Qohorik master armorer in King's LandingAlive; at King's LandingTobho Mott
10%
Second Flint sonAlive; at the crofter's village west of WinterfellArtos Flint
9%
High Priest of the Red Temple of VolantisAlive; at VolantisBenerro
9%
Fool at HighgardenAlive; at HighgardenButterbumps
9%
Second in command of the freed UnsulliedAlive; outside of MeereenHero
9%
Squire to the KingslayerAlive; at PennytreeJosmyn Peckledon
9%
The DrummAlive; at OakenshieldLord Dunstan Drumm
9%
Old Lord HunterDeceased; died suddenly at Longbow HallLord Eon Hunter
9%
Lord Admiral of the king in the Narrow Sea's fleetDeceased; slain at the Battle on the BlackwaterLord Imry Florent
9%
Lord of CerwynDeceased; succumbed to battle wounds at HarrenhalLord Medger Cerwyn
9%
Maester at RiverrunAlive; at RiverrunMaester Vyman
9%
Middle LiddleAlive; at the crofter's village west of WinterfellMorgan Liddle
9%
Female torturer in the WindblownAlive; outside of MeereenPretty Meris
9%
Warrior of House StonehouseUnknown; missing in the Summer SeaRed Ralf Stonehouse
9%
Heir to the Crag (SoS)Alive; at the CragRollam Westerling
9%
LongspearAlive; at Castle BlackRyk
9%
Septon at Castle BlackAlive; at Castle BlackSepton Cellador
9%
Septon in the Brave CompanionsDeceased; hanged at a riverland septrySepton Utt
9%
Hedge knight of House SuggsAlive; at the crofter's village west of WinterfellSer Clayton Suggs
9%
Lord of CastamereAlive; at the Golden ToothSer Rolph Spicer
9%
The Mad MouseAlive; at the Gates of the MoonSer Shadrich of the Shady Glen
9%
Watery eyed wilding leaderAlive; somewhere beyond the WallThe Weeper
9%
The FatUnknown; possibky deceased or missing in the riverlandsZollo
9%
Commander of IcemarkAlive; at IcemarkBedwyck
8%
Infamous black-haired raiderDeceased; slain at the sack of WinterfellBlack Lorren
8%
Ranger who totes a dirkDeceased; slain beyond the WallDirk
8%
Wood-toothed rangerUnknown; missing beyond the WallDywen
8%
Tyroshi warrior in the Brotherhood Without BannersAlive; somewhere in the riverlandsGreenbeard
8%
Master-at-arms at Castle Black (DwD)Alive; at Castle BlackLeathers
8%
Lord of HornvaleDeceased; drowned at the Battle of the CampsLord Andros Brax
8%
Head of House JastAlive; at Casterly RockLord Antario Jast
8%
The Red CrabAlive; at King's LandingLord Ardrian Celtigar
8%
Lord of PinkmaidenAlive; somewhere in the riverlandsLord Clement Piper
8%
Lord of SweetsisterAlive; at Breakwater CastleLord Godric Borrell
8%
Lord of the Lonely LightAlive; at the Lonely LightLord Gylbert Farwynd
8%
Lord of GoldgrassAlive; at WinterfellLord Harwood Stout
8%
Lord of Wayfarer's Rest (GoT)Alive; somewhere in the riverlandsLord Karyl Vance
8%
Lord of OldcastleAlive; at WinterfellLord Ondrew Locke
8%
Lord of Nightsong (CoK)Alive; at King's LandingLord Philip Foote
8%
The FlintAlive; at Castle BlackLord Torghen Flint
8%
Innkeep at the inn at the crossroadsDeceased; hanged at the inn at the crossroadsMasha Heddle
8%
LophandDeceased; slain beyond the WallOllo
8%
Cousin of the lord of FeastfiresAlive; at Casterly RockSer Forley Prester
8%
The GiantslayerAlive; at the crofter's village west of WinterfellSer Godry Farring
8%
Knight in service to House KayceAlive; at PennytreeSer Kennos of Kayce
8%
Heir to SouthshieldDeceased; slain at the taking of the ShieldsSer Talbert Serry
8%
ToadAlive; at the Shadow TowerTodder
8%
The FaithfulAlive; somewhere in the ReachUrswyck
8%
Supreme Commander of the Armies and Allies of YunkaiDeceased; trampled to death at MeereenYurkhaz zo Yunzak
8%
Commander of the Company of the CatAlive; outside of MeereenBloodbeard
7%
Bald rangerDeceased; slain at the Skirling PassEbben
7%
Lady of Acorn HallAlive; at Acorn HallLady Ravella Swann
7%
Head of the Alchemist's GuildAlive; at King's LandingLord Hallyne
7%
Lord of the RedfortAlive; at the RedfortLord Horton Redfort
7%
Lord of AtrantaAlive; somewhere in the riverlandsLord Norbert Vance
7%
Commander of the Mother's MenAlive; at MeereenMarselen
7%
Boastful hedge knightAlive; somewhere in the crownlandsSer Creighton Longbough
7%
The PennilessAlive; somewhere in the crownlandsSer Illifer
7%
The Knight of NinestarsAlive; at GulltownSer Symond Templeton
7%
Former squire and rangerDeceased; slain at the Skirling PassSquire Dalbridge
7%
Expert archer and rangerAlive; at Castle BlackUlmer of the Kingswood
7%
Steward of RiverrunAlive; at RiverrunUtherydes Wayn
7%
Male claimant to the Astapori throneDeceased; mauled by a pack of dogs at AstaporKing Cutthroat
6%
Pious knight of House RambtonDeceased; burned alive at DragonstoneSer Hubard Rambton
6%
Elderly ranger of House StoutAlive; at Castle BlackSer Wynton Stout
6%
"Mad" Stoney Sept native in the Brotherhood Without BannersAlive; somewhere in the riverlandsThe Mad Huntsman
6%
Dornish spearman in the Brave CompanionsDeceased; slain at the WhispersTimeon of Dorne
6%
Second-in-command of the Iron Captain (DwD)Alive; somewhere in Slaver's BayWulfe One-Ear
6%
Young Lord HunterAlive; at Longbow HallLord Gilwood Hunter
5%
Maester at GreenshieldDeceased; slain in the Summer SeaMaester Kerwin
5%
Lord of StrongsongAlive; at the Gates of the MoonLord Benedar Belmore
4%

Score Distribution

Percentile by Number Answered

Percent of People with Each Score

Your Score History

You have not taken this quiz since the last reset